<?xml version="1.0" encoding="UTF-8"?>
<record
    xmlns:xsi="http://www.w3.org/2001/XMLSchema-instance"
    xsi:schemaLocation="http://www.loc.gov/MARC21/slim http://www.loc.gov/standards/marcxml/schema/MARC21slim.xsd"
    xmlns="http://www.loc.gov/MARC21/slim">

  <leader>02616cam a2200457 i 4500</leader>
  <controlfield tag="001">0008064579</controlfield>
  <controlfield tag="003">OSt</controlfield>
  <controlfield tag="005">20260627092906.0</controlfield>
  <controlfield tag="008">251014s2026    quc           000 f fre  </controlfield>
  <datafield tag="020" ind1=" " ind2=" ">
    <subfield code="a">9782925487289</subfield>
  </datafield>
  <datafield tag="020" ind1=" " ind2=" ">
    <subfield code="a">2925487289</subfield>
  </datafield>
  <datafield tag="040" ind1=" " ind2=" ">
    <subfield code="a">QMBN</subfield>
    <subfield code="b">fre</subfield>
    <subfield code="e">rda</subfield>
    <subfield code="c">QMBN</subfield>
  </datafield>
  <datafield tag="041" ind1="1" ind2=" ">
    <subfield code="a">fre</subfield>
    <subfield code="h">eng</subfield>
  </datafield>
  <datafield tag="050" ind1=" " ind2="4">
    <subfield code="a">PS8611*</subfield>
  </datafield>
  <datafield tag="082" ind1="0" ind2="4">
    <subfield code="a">C813/.6</subfield>
    <subfield code="b">F745t</subfield>
    <subfield code="2">23/fre/202606</subfield>
    <subfield code="m">b</subfield>
  </datafield>
  <datafield tag="082" ind1="0" ind2="4">
    <subfield code="a">F 7452tdu</subfield>
    <subfield code="b">F745t</subfield>
    <subfield code="2">23/fre/202606</subfield>
  </datafield>
  <datafield tag="084" ind1=" " ind2=" ">
    <subfield code="a">C818/.6</subfield>
    <subfield code="b">F745t</subfield>
    <subfield code="2">z</subfield>
  </datafield>
  <datafield tag="100" ind1="1" ind2=" ">
    <subfield code="a">Fortune, Carley</subfield>
    <subfield code="e">auteur</subfield>
  </datafield>
  <datafield tag="240" ind1="1" ind2="0">
    <subfield code="a">One golden summer.</subfield>
    <subfield code="l">Fran&#xEF;&#xBF;&#xBD;ais</subfield>
  </datafield>
  <datafield tag="245" ind1="1" ind2="3">
    <subfield code="a">Le temps d'un &#xE9;t&#xE9; dor&#xE9; /</subfield>
    <subfield code="c">Carley Fortune ; traduit de l'anglais (Canada) par Catherine Lemay</subfield>
  </datafield>
  <datafield tag="264" ind1=" " ind2="1">
    <subfield code="a">Montr&#xEF;&#xBF;&#xBD;al :</subfield>
    <subfield code="b">Robert Laffont Qu&#xEF;&#xBF;&#xBD;bec,</subfield>
    <subfield code="c">[2026]</subfield>
  </datafield>
  <datafield tag="300" ind1=" " ind2=" ">
    <subfield code="a">386 pages ;</subfield>
    <subfield code="c">22 cm</subfield>
  </datafield>
  <datafield tag="336" ind1=" " ind2=" ">
    <subfield code="a">texte</subfield>
    <subfield code="b">txt</subfield>
    <subfield code="2">rdacontent</subfield>
  </datafield>
  <datafield tag="337" ind1=" " ind2=" ">
    <subfield code="a">sans m&#xEF;&#xBF;&#xBD;diation</subfield>
    <subfield code="b">n</subfield>
    <subfield code="2">rdamedia</subfield>
  </datafield>
  <datafield tag="338" ind1=" " ind2=" ">
    <subfield code="a">volume</subfield>
    <subfield code="b">nc</subfield>
    <subfield code="2">rdacarrier</subfield>
  </datafield>
  <datafield tag="500" ind1=" " ind2=" ">
    <subfield code="a">Sur la couverture : Romance</subfield>
  </datafield>
  <datafield tag="520" ind1=" " ind2=" ">
    <subfield code="a">Apr&#xE8;s une rupture difficile et une p&#xE9;riode de surmenage, Alice Everly, photographe freelance &#xE0; Toronto, d&#xE9;cide de passer l&#x2019;&#xE9;t&#xE9; avec sa grand-m&#xE8;re Nan, qui se remet d&#x2019;une op&#xE9;ration, dans un chalet au bord du lac Kamaniskeg. Ce retour &#xE0; la nature, loin de la ville, devient l&#x2019;occasion pour Alice de se retrouver, de renouer avec sa cr&#xE9;ativit&#xE9; et de r&#xE9;&#xE9;valuer ses priorit&#xE9;s.
Sur place, elle croise la route de Charlie Florek, un homme du coin, charismatique, dr&#xF4;le et attentionn&#xE9;, qui cache ses propres blessures. Entre Alice et Charlie, l&#x2019;attirance est imm&#xE9;diate, mais tous deux sont marqu&#xE9;s par leur pass&#xE9; et h&#xE9;sitent &#xE0; s&#x2019;engager. Ils d&#xE9;cident alors de vivre un &#xAB; &#xE9;t&#xE9; dor&#xE9; &#xBB; sans attaches, une relation l&#xE9;g&#xE8;re, faite de d&#xE9;fis, de rires et de moments vol&#xE9;s&#x2026; jusqu&#x2019;&#xE0; ce que les sentiments s&#x2019;en m&#xEA;lent.</subfield>
  </datafield>
  <datafield tag="650" ind1=" " ind2="6">
    <subfield code="a">Femmes photographes</subfield>
    <subfield code="v">Romans, nouvelles, etc.</subfield>
  </datafield>
  <datafield tag="650" ind1=" " ind2="6">
    <subfield code="a">Grands-parents et enfants</subfield>
    <subfield code="v">Romans, nouvelles, etc.</subfield>
  </datafield>
  <datafield tag="650" ind1=" " ind2="6">
    <subfield code="a">Chagrin</subfield>
    <subfield code="v">Romans, nouvelles, etc.</subfield>
  </datafield>
  <datafield tag="650" ind1=" " ind2="6">
    <subfield code="a">Chalets</subfield>
    <subfield code="v">Romans, nouvelles, etc.</subfield>
  </datafield>
  <datafield tag="650" ind1=" " ind2="6">
    <subfield code="a">&#xEF;&#xBF;&#xBD;t&#xEF;&#xBF;&#xBD;</subfield>
    <subfield code="v">Romans, nouvelles, etc.</subfield>
  </datafield>
  <datafield tag="651" ind1=" " ind2="6">
    <subfield code="a">Kamaniskeg, Lac (Ont.)</subfield>
    <subfield code="v">Romans, nouvelles, etc.</subfield>
  </datafield>
  <datafield tag="655" ind1=" " ind2="7">
    <subfield code="a">Romans canadiens-anglais</subfield>
    <subfield code="y">21e si&#xEF;&#xBF;&#xBD;cle</subfield>
    <subfield code="2">local</subfield>
  </datafield>
  <datafield tag="655" ind1=" " ind2="7">
    <subfield code="a">Romans d'amour</subfield>
    <subfield code="2">rvmgf</subfield>
  </datafield>
  <datafield tag="700" ind1="1" ind2=" ">
    <subfield code="a">Lemay, Catherine</subfield>
    <subfield code="c">(Traductrice)</subfield>
    <subfield code="e">traducteur</subfield>
  </datafield>
  <datafield tag="700" ind1="1" ind2=" ">
    <subfield code="i">Traduction de :</subfield>
    <subfield code="a">Fortune, Carley</subfield>
    <subfield code="t">One golden summer</subfield>
  </datafield>
  <datafield tag="942" ind1=" " ind2=" ">
    <subfield code="2">ddc</subfield>
    <subfield code="c">ROM ADULTE</subfield>
  </datafield>
  <datafield tag="999" ind1=" " ind2=" ">
    <subfield code="c">18904</subfield>
    <subfield code="d">18904</subfield>
  </datafield>
  <datafield tag="952" ind1=" " ind2=" ">
    <subfield code="0">0</subfield>
    <subfield code="1">0</subfield>
    <subfield code="2">ddc</subfield>
    <subfield code="4">0</subfield>
    <subfield code="7">0</subfield>
    <subfield code="a">HENRYVILLE</subfield>
    <subfield code="b">HENRYVILLE</subfield>
    <subfield code="d">2026-06-27</subfield>
    <subfield code="l">0</subfield>
    <subfield code="o">F 7452tdu</subfield>
    <subfield code="p">30001030039277</subfield>
    <subfield code="r">2026-06-27 09:30:05</subfield>
    <subfield code="w">2026-06-27</subfield>
    <subfield code="y">ROM ADULTE</subfield>
  </datafield>
</record>
